| 000 | 00910nam a2200229Ia 4500 | ||
|---|---|---|---|
| 999 |
_c37590 _d37590 |
||
| 001 | 3561 | ||
| 003 | GE_BSU | ||
| 005 | 20190619203359.0 | ||
| 008 | 181216s2002||||ge |||||||||||||| ||geo|| | ||
| 020 | _a9992848405 | ||
| 040 | _cGE_BSU | ||
| 041 | _ageo | ||
| 080 | _a581.9 დ–15 | ||
| 100 |
_aდავითაძე, მურმან _92516 |
||
| 245 |
_aაჭარის ადვენტური ფლორის ბიომორფოლოგიური ანალიზი / _cრედ. ქეთევან დოლიძე. |
||
| 264 |
_aბათუმი : _bბათუმის უნ–ტი, _c2002. |
||
| 300 |
_a215 გვ. ; _b20 სმ. |
||
| 653 | _aაჭარის ადვენტური ფლორა | ||
| 653 | _aბოტანიკა | ||
| 700 |
_aდოლიძე, ქეთევან _eრედაქტორი _9333 |
||
| 942 |
_cBK _2udc |
||